000 00267nam a22001217a 4500
008 181016b xxu||||| |||| 00| 0 eng d
041 _aeng
080 _a316
100 _a50
101 _aSOC
245 _aThe American Class Structure
_cKahl,J.A
942 _2udc
_cBK
999 _c49821
_d49821